Vplyv regulácie Solventnosť II na investičnú činnosť poisťovní diplomová práca

Saved in:
Bibliographic Details
Main Author: Trtúšeková, Lívia
Corporate Author: Fakulta hospodárskej informatiky EU. Katedra matematiky a aktuárstva
Other Authors: Krátka, Zuzana, 1968-
Format: Book
Language:Slovak
Published: Bratislava 2019
Tags: Add Tag
No Tags, Be the first to tag this record!

MARC

LEADER 00000nbm a2200000 4500
001 0254156
005 20191023085017.0
041 0 |a slo 
044 |a SK 
245 1 0 |a Vplyv regulácie Solventnosť II na investičnú činnosť poisťovní  |b diplomová práca  |c Lívia Trtúšeková ; školiteľ: Zuzana Krátka 
264 1 |a Bratislava  |c 2019 
300 |a 67 s. 
100 1 |a Trtúšeková, Lívia 
700 1 |a Krátka, Zuzana, 1968- 
710 2 |a Fakulta hospodárskej informatiky EU. Katedra matematiky a aktuárstva